| 000 -LEADER |
| fixed length control field |
01478nam a2200229Ia 4500 |
| 001 - CONTROL NUMBER |
| control field |
18593 |
| 003 - CONTROL NUMBER IDENTIFIER |
| control field |
GE_BSU |
| 008 - FIXED-LENGTH DATA ELEMENTS--GENERAL INFORMATION |
| fixed length control field |
181216s||||||||xx |||||||||||||| ||und|| |
| 020 ## - INTERNATIONAL STANDARD BOOK NUMBER |
| International Standard Book Number |
9789941087042 |
| 040 ## - CATALOGING SOURCE |
| Transcribing agency |
GE_BSU |
| 080 ## - UNIVERSAL DECIMAL CLASSIFICATION NUMBER |
| Universal Decimal Classification number |
821.353.1.09+130 |
| 100 ## - MAIN ENTRY--PERSONAL NAME |
| Personal name |
ხანიაშვილი,ნაზი. |
| 245 ## - TITLE STATEMENT |
| Title |
,,ვეფხის-ტყაოსანი " და მეტაფიზიკა |
| 260 ## - PUBLICATION, DISTRIBUTION, ETC. |
| Place of publication, distribution, etc. |
თბილისი |
| 260 ## - PUBLICATION, DISTRIBUTION, ETC. |
| Date of publication, distribution, etc. |
2016 |
| 300 ## - PHYSICAL DESCRIPTION |
| Extent |
174გვ;ილ;20სმ. |
| 300 ## - PHYSICAL DESCRIPTION |
| Other physical details |
ბიბლიოგრ.: გვ. 173 |
| 653 ## - INDEX TERM--UNCONTROLLED |
| Uncontrolled term |
,,ვეფხისტყაოსანი " და მეტაფიზიკა |
| 653 ## - INDEX TERM--UNCONTROLLED |
| Uncontrolled term |
ქართული ლიტერატურა |
| 653 ## - INDEX TERM--UNCONTROLLED |
| Uncontrolled term |
შოათა რუსთაველის გენიალური პოემის-,,ვეფხისტყაოსნის"თითოეული სტროფი მრავალგანზომილებიანი სამყაროს მეტაფიზიკური ცოდნითაა გაჯერებული.წიგნში წარმოდგენილი საკითხები მოიცავს ,,ვეფხის-ტყაოსანში"ასახული მრავალგანზომილებიანი სამყაროს მეტაფიზიკური სიღრმეების განხილვას. |
| 942 ## - ADDED ENTRY ELEMENTS (KOHA) |
| Koha item type |
წიგნი |